[Event "Girona-ch"]
[Site "Barcelona"]
[Date "2001.10.14"]
[Round "2"]
[White "Muratet Casadevall, Elias"]
[Black "Van Arkel, H."]
[Result "1/2-1/2"]
[WhiteElo "2015"]
[BlackElo "1960"]
[PlyCount "23"]
[EventDate "2001.10.07"]
[EventType "swiss"]
[EventRounds "9"]
[EventCountry "ESP"]
[SourceTitle "EXT 2008"]
[Source "ChessBase"]
[SourceDate "2007.11.25"]
[SourceVersion "1"]
[SourceVersionDate "2007.11.25"]
[SourceQuality "1"]

1. d4 f5 2. c4 Nf6 3. Nc3 e6 4. g3 d6 5. Bg2 Be7 6. e4 fxe4 7. Nxe4 Nxe4 8. Bxe4 0-0 9. Qh5 g6 10. Bxg6 hxg6 11. Qxg6+ Kh8 12. Qh6+ 1/2-1/2